000 00352nam a2200145Ia 4500
008 230917s9999||||xx |||||||||||||| ||und||
040 _e5007074
_aMAIN
041 _aEnglish
082 _a382 A18I
100 _aAjay Kumar
245 0 _aImpact of grading on price performance of IPOs in India
260 _c2017
300 _avii, 163 p.
942 _cBK
999 _c9749
_d9749